LEADER 03468nam 2200493 450 001 9910583480803321 005 20220201170020.0 010 $a0-12-809640-3 035 $a(CKB)4100000000880600 035 \\$a(Safari)9780128097830 035 $a(OCoLC)1004747268 035 $a(CaSebORM)9780128097830 035 $a(MiAaPQ)EBC4986271 035 $a(PPN)220199744 035 $a(EXLCZ)994100000000880600 100 $a20170923h20172018 uy 0 101 0 $aeng 135 $aurunu|||||||| 181 $ctxt$2rdacontent 182 $cc$2rdamedia 183 $acr$2rdacarrier 200 10$aOCUP 2 certification guide $epreparing for the OMG certified UML 2.5 professional 2 foundation exam /$fMichael Jesse Chonoles 210 1$aCambridge, Massachusetts :$cMorgan Kaufmann Publishers,$d2017. 210 4$d©2018 215 $a1 online resource (1 volume) $cillustrations 300 $aIncludes index. 311 $a0-12-809783-3 320 $aIncludes bibliographical references and index. 330 $aOCUP 2 Certification Guide: Preparing for the OMG Certified UML 2.5 Professional 2 Foundation Exam both teaches UML® 2.5 and prepares candidates to become certified. UML® (Unified Modeling Language) is the most popular graphical language used by software analysts, designers, and developers to model, visualize, communicate, test, and document systems under development. UML® 2.5 has recently been released, and with it a new certification program for practitioners to enhance their current or future career opportunities. There are three exam levels: Foundation, Intermediate, and Advanced. The exam covered in this book, Foundation, is a prerequisite for the higher levels. Author Michael Jesse Chonoles is a lead participant in the current OCUP 2 program?not only in writing and reviewing all the questions, but also in designing the goals of the program. This book distills his experience in modeling, mentoring, and training. Because UML® is a sophisticated language, with 13 diagram types, capable of modeling any type of modern software system, it takes users some time to become proficient. This effective resource will explain the material in the Foundation exam and includes many practice questions for the candidate, including sample problems similar to those found in the exam, and detailed explanations of why correct answers are correct and why wrong answers are wrong. Written to prepare candidates for the OCUP 2 Foundation level exam while they learn UML® Illustrated with UML® diagrams to clarify every concept and technique Offers hints for studying and test-taking based on the specific nature and structure of the Foundation Level exam Includes practice exam material, sample questions and exercises, warnings, tips, and points to remember throughout 606 $aElectronic data processing personnel 606 $aElectronic data processing personnel$xCertification$xExaminations$vStudy guides 606 $aUML (Computer science)$xExaminations$vStudy guides 615 0$aElectronic data processing personnel. 615 0$aElectronic data processing personnel$xCertification$xExaminations 615 0$aUML (Computer science)$xExaminations 676 $a651.8023 700 $aChonoles$b Michael Jesse$0972527 801 0$bMiAaPQ 801 1$bMiAaPQ 801 2$bMiAaPQ 906 $aBOOK 912 $a9910583480803321 996 $aOCUP 2 certification guide$92211682 997 $aUNINA LEADER 07103nam 2200637 450 001 9910815638703321 005 20210430202559.0 010 $a3-03821-459-0 010 $a3-03821-630-5 024 7 $a10.1515/9783038216308 035 $a(CKB)3460000000133040 035 $a(EBL)4508503 035 $a(MiAaPQ)EBC4508503 035 $a(DE-B1597)426190 035 $a(OCoLC)948748781 035 $a(OCoLC)949962361 035 $a(DE-B1597)9783038216308 035 $a(Au-PeEL)EBL4508503 035 $a(CaPaEBR)ebr11207576 035 $a(CaONFJC)MIL915547 035 $a(PPN)254188974 035 $a(EXLCZ)993460000000133040 100 $a20160525h20182018 uy 0 101 0 $aeng 135 $aur|nu---|u||u 181 $ctxt$2rdacontent 182 $cc$2rdamedia 183 $acr$2rdacarrier 200 10$aLibraries $ea design manual /$fNolan Lushington, Wolfgang Rudorf, Liliane Wong ; contributions by Norma Blake [and eight others] 210 1$aBasel, [Switzerland] :$cBirkha?user,$d2018. 210 4$d©2018 215 $a1 online resource 300 $aIncludes indexes. 311 $a3-0346-0826-8 311 $a3-0346-0827-6 320 $aIncludes bibliographical references and indexes. 327 $tFront matter --$tContents --$tPreface --$tThe Building Type and its Emergence --$tThe Library in its Social Context /$rWong, Liliane / Lushington, Nolan --$tThe Library User as Customer /$rBlake, Norma --$tOn the Typology of the Library /$rKleefisch-Jobst, Ursula --$tForm and Function in Library Design /$rSchmitz, Karl-Heinz --$tPublic Libraries in the United States /$rLushington, Nolan --$tPlanning Processes and Spatial Organization --$tTowards the Design of Libraries /$rChestnutt, Rebecca --$tPlan Configuration and Layout /$rWong, Liliane --$tLibrary Spaces for Children, Teens and Young Adults /$rWong, Liliane / Lushington, Nolan --$tDialogues: Client, Librarian, Architect /$rWerner, Klaus Ulrich --$tFunding Options /$rWong, Liliane --$tTechnical Requirements --$tStructural Concepts /$rRudorf, Wolfgang --$tClimate Control /$rRudorf, Wolfgang --$tLighting and Illumination /$rRudorf, Wolfgang --$tDaylighting /$rBoubekri, Mohamed --$tInterior Design and Equipment --$tRefurbishment and Building Adaptation /$rVos, Aat --$tShelving /$rRudorf, Wolfgang / Wong, Liliane --$tOrientation and Wayfinding Systems /$rFranke-Maier, Michael --$tBook Security and RFID /$rSeeliger, Frank --$tNational Libraries --$tIntroduction --$tDet Kongelige Bibliotek --$tNational Library Singapore --$tBiblioteca Central Estatal de Guanajuato Wigberto Jiménez Moreno --$tNational Library of China --$tDeutsche Nationalbibliothek --$tLarge Public Libraries --$tIntroduction --$tBurton Barr Central Library --$tMillennium Library --$tSeattle Central Library --$tOBA - Openbare Bibliotheek Amsterdam --$tStadtbibliothek am Mailänder Platz --$tLibrary of Birmingham --$tSmall Public Libraries --$tIntroduction --$tPeckham Library and Media Centre --$tBiblioteca Pública Usera José Hierro --$tImaginOn: The Joe & Joan Martin Center --$tWhitechapel Idea Store --$tMiriam Matthews Hyde Park Branch Library --$tArabian Public Library --$tBiblioteca Municipal --$tParque Biblioteca España --$tMédiathèque André Malraux --$tVennesla Bibliotek og Kulturhus --$tBiblioteca Municipal de Almada --$tBiblioteca Pública de Ceuta --$tGando School Library --$tUniversity Libraries --$tIntroduction --$tCentral Library Technische Universiteit Delft --$tLaw Library Universität Zürich --$tIKMZ - Informations-, Kommunikationsund Medienzentrum Brandenburgische Technische Universität --$tPhilological Library Freie Universität --$tLewis Library Princeton University --$tJacob-und-Wilhelm- Grimm-Zentrum Humboldt Universität --$tRolex Learning Center Ecole Polytechnique Fédérale de Lausanne --$tJoe and Rika Mansueto Library University of Chicago --$tKai Feng Humanities and Social Sciences Library Tsinghua University --$tCINiBA - Centrum Informacji Naukowej i Biblioteka Akademicka Uniwersytet ?l?ski --$tAppendix --$tThe Authors --$tIndex of Names --$tIndex of Places --$tIllustration Credits 330 $aDer Bautyp Bibliotheken unterlag in den letzten zehn Jahren einem enormen Wandel. Meilensteine wie Rem Koolhaas? Stadtbibliothek in Seattle von 2004 definierten den Typus komplett neu und spiegelten die Entwicklung vom elitären Bildungstempel hin zum öffentlichen Wohnzimmer. Mischformen zwischen Bibliothek und Kaufhaus oder Theater entstanden. Zudem ist die Allgegenwart elektronischer Medien planerisch zu berücksichtigen; jede neue Bibliothek enthält heute Bereiche komplett ohne Bücher. Dieses Grundlagenwerk stellt in einem breiten systematischen Teil die entwurflichen, technischen und planerischen Voraussetzungen des Bibliotheksbaus dar. Spezialaspekte wie RFID, Zeichensysteme, Akustik oder besondere statische Anforderungen werden in eigenen Beiträgen von Experten erläutert. In vier Kategorien ? Nationalbibliotheken, große öffentliche Bibliotheken, kleine öffentliche Bibliotheken, wissenschaftliche Bibliotheken ? werden schließlich ca. 40 internationale wegweisende Projekte dokumentiert, darunter Jo Coenens Openbare Bibliotheek Amsterdam, Alvaro Sizas Kleinod der Stadtbibliothek für Viana do Castelo oder Mecanoos 2013 eröffnete Library of Birmingham. 330 $aLibraries as a building type have been subjected to substantial changes in particular in the past ten years. Milestones such as Rem Koolhaas? Seattle Central Library from 2004 reinvented the typology completely and reflected a development from elitist temple of learning to a public living room. Hybrids between library and department store or theater were conceived. Today, the ubiquity of electronic devices and media needs to be taken into account by the designer: every new library has areas without any books now. This work of reference explains systematically all technological and planning requirements of library design. Special features such as RFID, signage, acoustics or specific structural load issues are explained in texts by experts from the fields of architecture and library science. Finally, approximately 40 best-practice case studies of contemporary library design are documented extensively. They are organized in four categories ? national libraries, large public libraries, small public libraries, university libraries ? and comprise high-profile examples such as Jo Coenen?s Openbare Bibliotheek Amsterdam, Alvaro Siza?s Public Library Viana do Castelo in Portugal or Mecanoo?s Library of Birmingham from 2013. 606 $aLibrary architecture 606 $aLibrary buildings 615 0$aLibrary architecture. 615 0$aLibrary buildings. 676 $a727.8 686 $aZH 6215$2rvk 700 $aLushington$b Nolan$01701521 702 $aRudorf$b Wolfgang 702 $aWong$b Liliane 702 $aBlake$b Norma 801 0$bMiAaPQ 801 1$bMiAaPQ 801 2$bMiAaPQ 906 $aBOOK 912 $a9910815638703321 996 $aLibraries$94085306 997 $aUNINA LEADER 02452oas 2200925 a 450 001 9910134097703321 005 20260127110033.0 011 $a1528-9028 035 $a(DE-599)ZDB2010395-5 035 $a(OCoLC)43548664 035 $a(CONSER) 00214260 035 $a(CKB)954925412867 035 $a(DE-599)2010395-5 035 $a(EXLCZ)99954925412867 100 $a20000301a19719999 sy a 101 0 $aeng 135 $aurcn||||||||| 181 $ctxt$2rdacontent 182 $cc$2rdamedia 183 $acr$2rdacarrier 200 10$aJournal of dynamic systems, measurement, and control 210 $aNew York, NY $cASME 300 $aRefereed/Peer-reviewed 300 $aTitle from journal home page (viewed May 28, 2003). 311 08$a(Versión impresa) Journal of dynamic systems, measurement, and control (DLC) 74644129 (OCoLC)1585805 0022-0434 606 $aAutomatic control$vPeriodicals 606 $aMeasurement$vPeriodicals 606 $aDynamics$vPeriodicals 606 $aCommande automatique$vPe?riodiques 606 $aMesure$vPe?riodiques 606 $aDynamique$vPe?riodiques 606 $aAutomatic control$2fast$3(OCoLC)fst00822702 606 $aDynamics$2fast$3(OCoLC)fst00900295 606 $aMeasurement$2fast$3(OCoLC)fst01715944 608 $aPeriodicals.$2fast 608 $aPeriodicals.$2lcgft 615 0$aAutomatic control 615 0$aMeasurement 615 0$aDynamics 615 6$aCommande automatique 615 6$aMesure 615 6$aDynamique 615 7$aAutomatic control. 615 7$aDynamics. 615 7$aMeasurement. 712 02$aAmerican Society of Mechanical Engineers 801 0$bNSD 801 1$bNSD 801 2$bOCLCQ 801 2$bOCL 801 2$bSERSO 801 2$bBUF 801 2$bDLC 801 2$bOCLCQ 801 2$bBUF 801 2$bOCLCF 801 2$bOCLCO 801 2$bDLC 801 2$bOCLCQ 801 2$bOCLCE 801 2$bOCLCQ 801 2$bDHU 801 2$bOSU 801 2$bOCLCQ 801 2$bOCLCO 801 2$bOCLCQ 801 2$bVT2 801 2$bEZC 801 2$bGILDS 801 2$bAUD 801 2$bNJT 801 2$bUHL 801 2$bLIP 801 2$bOCLCQ 801 2$bOCLCL 801 2$bOCLCQ 906 $aJOURNAL 912 $a9910134097703321 996 $aJournal of dynamic systems, measurement and control$9793768 997 $aUNINA